00969cam a22001697a 4500008004000000082001300040245010800053260003500161500010900196700005300305999001900358952008400377952008400461952008400545952008400629952008600713180718b1973 xxu||||| |||| 00| 0 eng d aY112 Un3 aUrban land policies and land-use control measurescby Department of Economic and Social Affairs, U.S.A. aNew YorkbUnited Nationsc1973 a, vol. 1: Africa, vol 4. Latin America, vol 5. Middle East, vol.6 Northern America, vol.7: Global Review aU.S.A. Department Of Economic And Social Affairs c494550d494550 00104070aIIPAbIIPAd2018-08-04oY112 Un3pG13692r2018-08-04w2018-08-04yG 00104070aIIPAbIIPAd2018-08-04oY112 Un3pG12445r2018-08-04w2018-08-04yG 00104070aIIPAbIIPAd2018-08-04oY112 Un3pG12244r2018-08-04w2018-08-04yG 00104070aIIPAbIIPAd2018-08-04oY112 Un3pG12242r2018-08-04w2018-08-04yG 00104070aIIPAbIIPAd2018-08-04oY112 Un3pGG33079r2018-08-04w2018-08-04yGG